Normal view MARC view
  • Reel, A. Frank

Entry Personal Name

Number of records used in: 1

001 - CONTROL NUMBER

  • control field: 107526

003 - CONTROL NUMBER IDENTIFIER

  • control field: NUST

005 - DATE AND TIME OF LATEST TRANSACTION

  • control field: 20230124110335.0

008 - FIXED-LENGTH DATA ELEMENTS

  • fixed length control field: 230124|| aca||aabn | a|a d

040 ## - CATALOGING SOURCE

  • Original cataloging agency: NUST
  • Transcribing agency: NUST

100 ## - HEADING--PERSONAL NAME

  • Personal name: Reel, A. Frank

670 ## - SOURCE DATA FOUND

  • Source citation: Work cat.: (NUST)185314: Reel, A. Frank, The networks : , c1979.
© 2023 Central Library, National University of Sciences and Technology. All Rights Reserved.